| 000 | 01119nam a22002057a 4500 | ||
|---|---|---|---|
| 008 | 251001b |||||||| |||| 00| 0 eng d | ||
| 020 | _a9781916192003 | ||
| 040 | _ctbs | ||
| 041 | _aeng | ||
| 050 | _aHF5415.1265 | ||
| 100 |
_aJones, Dixon _925964 _eauthor |
||
| 245 |
_aEntity SEO _b: moving seach from strings to things _c/ Dixon Jones. |
||
| 260 |
_a[Place of publication not identified] : _bDHJ Ventures LTD, _c[Date of publication not identified] |
||
| 300 |
_a68 pages : _billustrations, tables, charts (color) ; _c28 cm. |
||
| 520 | _aEntity SEO is the new approach to Search Engine Optimization. It has proved very effective in helping modern search engines better understand, index and return your content. The approach is misunderstood by many "old school" SEOs who still rely on keyword optimization instead of topic optimization to get content ranked. This book breaks down the mystique and presents Entity SEO and Semantic Search ideas in an easy to digest format. | ||
| 650 | 0 |
_aWeb search engines _97488 |
|
| 650 | 0 |
_aWeb site development _97487 |
|
| 650 | 0 |
_aInternet marketing _91133 |
|
| 942 | _2lcc | ||
| 999 |
_c4985 _d4985 |
||